000 00295nam a22001097a 4500
999 _c511269
_d511269
020 _a0671668773
082 _aA3 N629
100 _aNiernberg, Gerard I.and Calero, Henery H.
_910662
245 _aHow to Read a Person Like a Book
260 _aNewyork
_bPocket Publications
_c1971
300 _a189p.